|
|
|
|
| LEADER |
01848cam a2200517 i 4500 |
| 001 |
nkc20162857252 |
| 003 |
CZ PrNK |
| 005 |
20170310104052.0 |
| 007 |
ta |
| 008 |
161104s2016 xr a e f 000 0 cze d |
| 015 |
|
|
|a cnb002857252
|
| 020 |
|
|
|a 978-80-204-4274-1
|q (vázáno)
|
| 035 |
|
|
|a (OCoLC)982110330
|
| 040 |
|
|
|a KLG001
|b cze
|d OLA001
|e rda
|
| 072 |
|
7 |
|a 796
|x Sport. Hry. Tělesná cvičení
|2 Konspekt
|9 20
|
| 080 |
|
|
|a 796.015
|2 MRF
|
| 080 |
|
|
|a 796.012.13
|2 MRF
|
| 080 |
|
|
|a 612.766.1
|2 MRF
|
| 080 |
|
|
|a 796.012.1
|2 MRF
|
| 080 |
|
|
|a (035)
|2 MRF
|
| 100 |
1 |
|
|a Malý, Tomáš
|7 xx0159323
|4 aut
|
| 245 |
1 |
0 |
|a Doplňkový odpor v tréninku rychlostních schopností /
|c Tomáš Malý, Josef Dovalil
|
| 250 |
|
|
|a První vydání
|
| 264 |
|
1 |
|a Praha :
|b Mladá fronta,
|c 2016
|
| 300 |
|
|
|a 143 stran :
|b ilustrace (převážně barevné) ;
|c 25 cm
|
| 336 |
|
|
|a text
|b txt
|2 rdacontent
|
| 337 |
|
|
|a bez média
|b n
|2 rdamedia
|
| 338 |
|
|
|a svazek
|b nc
|2 rdacarrier
|
| 490 |
1 |
|
|a Edice Českého olympijského výboru. Modrá řada
|
| 504 |
|
|
|a Obsahuje bibliografii a bibliografické odkazy
|
| 650 |
0 |
7 |
|a sportovní trénink
|7 ph125957
|2 czenas
|
| 650 |
0 |
7 |
|a rychlostní schopnosti
|7 ph628974
|2 czenas
|
| 650 |
0 |
7 |
|a motorická výkonnost
|7 ph165170
|2 czenas
|
| 650 |
0 |
9 |
|a sports training
|2 eczenas
|
| 650 |
0 |
9 |
|a speed ability
|2 eczenas
|
| 650 |
0 |
9 |
|a motoric efficiency
|2 eczenas
|
| 655 |
|
7 |
|a příručky
|7 fd133209
|2 czenas
|
| 655 |
|
9 |
|a handbooks and manuals
|2 eczenas
|
| 700 |
1 |
|
|a Dovalil, Josef,
|d 1944-2024
|7 jk01022917
|4 aut
|
| 830 |
|
0 |
|a Edice Českého olympijského výboru.
|p Modrá řada
|0 s
|
| 910 |
2 |
|
|a BOA001
|b 2-1377.950
|
| 920 |
|
|
|a 1101978
|z KLG001
|
| 990 |
|
|
|a BK
|
| 995 |
|
|
|a 01
|
| 991 |
|
|
|b 201612
|c NOV
|
| 996 |
6 |
|
|b 2610690518
|c 2-1377.950
|l MZK
|r Sklad / do 1 hodiny
|n 2
|p p.v.
|w 001592078
|u 000010
|a 1
|e BOA001
|j MZK50
|s P
|